Statistics for Top 5 Offensive NFL Players going into the 2018 season at each position

Click here to take the quiz!

General Stats

  • This quiz has been taken 101 times
  • The average score is 28 of 50

Answer Stats

Position Rank Team Player % Correct
QB1PatriotsTom Brady
100%
QB5SeahawksRussell Wilson
100%
QB2PackersAaron Rodgers
100%
WR1SteelersAntonio Brown
100%
QB4EaglesCarson Wentz
100%
QB3SaintsDrew Brees
100%
WR2FalconsJulio Jones
99%
WR5GiantsOdell Beckham Jr.
96%
WR3BengalsA.J. Green
95%
HB3CowboysEzekiel Elliot
94%
HB4RamsTodd Gurley
94%
WR4TexansDeandre Hopkins
94%
HB2SteelersLeveon Bell
92%
TE1PatriotsRob Gronkowski
92%
HB5SaintsAlvin Kamara
91%
HB1CardinalsDavid Johnson
90%
RT1EaglesLane Johnson
89%
TE2ChiefsTravis Kelce
89%
C5EaglesJason Kelce
87%
TE4PanthersGreg Olsen
80%
TE3TitansDelanie Walker
70%
TE5RedskinsJordan Reed
67%
LT1CowboysTyron Smith
65%
LT2RedskinsTrent Williams
61%
RT2PanthersDaryl Williams
59%
RG1CowboysZack Martin
57%
C1CowboysTravis Frederick
47%
RG2RavensMarshal Yanda
46%
C2FalconsAlex Mack
43%
LT5RamsAndrew Whitworth
42%
RG3SteelersDavid Decastro
39%
FB3ChiefsAnthony Sherman
37%
LT449ersJoe Staley
34%
LT3PackersDavid Bakhtiari
30%
FB2PatriotsJames Develin
29%
LG3RaidersKelechi Osemele
27%
FB149ersKyle Juszczyk
25%
RG5EaglesBrandon Brooks
20%
C4RaidersRodney Hudson
19%
LG2JaguarsAndrew Norwell
18%
LG4BrownsJoel Bitonio
15%
RG4RedskinsBrandon Scherff
14%
LG5RamsRodger Saffold lll
13%
RT4BuccaneersDemar Dotson
11%
LG1DolphinsJosh Sitton
10%
FB4RavensPatrick Ricard
10%
RT5SaintsRyan Ramczyk
8%
C3JaguarsBrandon Linder
5%
FB5JaguarsTommy Bohanon
4%
RT3SteelersMarcus Gilbert
4%

Score Distribution

Percentile by Number Answered

Percent of People with Each Score

Your Score History

You have not taken this quiz